MAASAI MARA UNIVERSITY

LIBRARY CATALOGUE

Contact Us: +254 020 2685356/7 or 0774 057787

Box: 861-20500, NAROK, KENYA

Email: info@mmarau.ac.ke

Eva / (Record no. 17359)

MARC details
000 -LEADER
fixed length control field 01001nam a22002897a 4500
003 - CONTROL NUMBER IDENTIFIER
control field OSt
005 - DATE AND TIME OF LATEST TRANSACTION
control field 20230323035857.0
008 - FIXED-LENGTH DATA ELEMENTS--GENERAL INFORMATION
fixed length control field 880909t19891988nyu j 000 1 eng
010 ## - LIBRARY OF CONGRESS CONTROL NUMBER
LC control number 88029435
020 ## - INTERNATIONAL STANDARD BOOK NUMBER
International Standard Book Number 0385297025 :
Terms of availability $14.95
020 ## - INTERNATIONAL STANDARD BOOK NUMBER
Canceled/invalid ISBN 0440501296
040 ## - CATALOGING SOURCE
Original cataloging agency MMU
Transcribing agency MMU
Modifying agency MMU
Language of cataloging eng
042 ## - AUTHENTICATION CODE
Authentication code lcac
050 00 - LIBRARY OF CONGRESS CALL NUMBER
Classification number PZ7.D562
Item number 1989
082 00 - DEWEY DECIMAL CLASSIFICATION NUMBER
Classification number [Fic]
Edition number 19
100 1# - MAIN ENTRY--PERSONAL NAME
Personal name Dickinson, Peter,
Dates associated with a name 1927-2015.
245 10 - TITLE STATEMENT
Title Eva /
Statement of responsibility, etc. Peter Dickinson.
260 ## - PUBLICATION, DISTRIBUTION, ETC. (IMPRINT)
Place of publication, distribution, etc. New York, N.Y. :
Name of publisher, distributor, etc. Delacorte Press,
Date of publication, distribution, etc. [1989], c1988.
300 ## - PHYSICAL DESCRIPTION
Extent 219 p. :
Dimensions 24 cm.
520 ## - SUMMARY, ETC.
Summary, etc. After a terrible accident, a young girl wakes up to discover that she has been given the body of a chimpanzee.
650 #1 - SUBJECT ADDED ENTRY--TOPICAL TERM
Topical term or geographic name as entry element Chimpanzees
General subdivision Fiction.
650 #1 - SUBJECT ADDED ENTRY--TOPICAL TERM
Topical term or geographic name as entry element Transplantation of organs, tissues, etc.
General subdivision Fiction.
650 #1 - SUBJECT ADDED ENTRY--TOPICAL TERM
Topical term or geographic name as entry element Animals
General subdivision Treatment
-- Fiction.
906 ## - LOCAL DATA ELEMENT F, LDF (RLIN)
a 7
b cbc
c orignew
d 1
e ocip
f 19
g y-gencatlg
942 ## - ADDED ENTRY ELEMENTS (KOHA)
Source of classification or shelving scheme Library of Congress Classification
Koha item type L
Holdings
Withdrawn status Lost status Source of classification or shelving scheme Damaged status Not for loan Home library Current library Date acquired Source of acquisition Total Checkouts Full call number Barcode Date last seen Price effective from Koha item type
    Library of Congress Classification     Maasai Mara University Library -Main Campus Maasai Mara University Library -Main Campus 06/07/2016 Donation   Fic. PZ7 .D562 1989 201515965 06/07/2016 06/07/2016 L
© 2016 Maasai Mara University.